| 000 | 00569nam a2200169 a 4500 | ||
|---|---|---|---|
| 001 | 000027117 | ||
| 005 | 20240305130541.0 | ||
| 008 | 110329q1978 dr ab r 000 0 spa d | ||
| 020 | _a848401021X | ||
| 040 |
_aDO-SdBNP _bspa _cBNPHU |
||
| 082 |
_axxx _bT231p |
||
| 100 | 1 |
_aTavares K., Juan Tomás, _d1953- _948925 |
|
| 245 | 1 | 0 |
_aPiratas de América / _cJuan Tomás Tavares K. |
| 260 |
_aSanto Domingo : _bEditora de Santo Domingo, _c[1978]. |
||
| 300 |
_a111 p. : _bil., mapas ; _c24 cm. |
||
| 500 | _aIncluye datos biográficos del autor en la solapa de la contracubierta | ||
| 999 |
_c26609 _d26609 |
||